Central Library OPAC University of Rajshahi

বনফুল / (Record no. 48154)

MARC details
000 -LEADER
fixed length control field 00706nam a22002177a 4500
001 - CONTROL NUMBER
control field 48154
003 - CONTROL NUMBER IDENTIFIER
rucl marc code BD-RjUL
005 - DATE AND TIME OF LATEST TRANSACTION
control field 20211209054453.0
008 - FIXED-LENGTH DATA ELEMENTS--GENERAL INFORMATION
fixed length control field 160813s1955 ii ||||| |||| 00| 0 ben d
035 ## - SYSTEM CONTROL NUMBER
System control number (BD-RjUL)48273
040 ## - CATALOGING SOURCE
Original cataloging agency BD-RjUL
Language of cataloging ben
Transcribing agency BD-RjUL
041 ## - LANGUAGE CODE
Language code of text/sound track or separate title ben
082 ## - DEWEY DECIMAL CLASSIFICATION NUMBER
Edition number 23
Classification number 891.442
Author mark and year MOB 1955
100 ## - MAIN ENTRY--PERSONAL NAME
Personal name মধুসূদন
9 (RLIN) 145898
245 10 - TITLE STATEMENT
Title বনফুল /
Statement of responsibility, etc. মধুদূদন
260 ## - PUBLICATION, DISTRIBUTION, ETC. (IMPRINT)
Place of publication, distribution, etc. কলিকাতা :
Name of publisher, distributor, etc. ডি.এম. লাইব্রেরী,
Date of publication, distribution, etc. ১৯৫৫ [১৩৬১]
300 ## - PHYSICAL DESCRIPTION
Pagination ১৫২ পৃ. ;
Size ১৮ সেমি.
650 ## - SUBJECT ADDED ENTRY--TOPICAL TERM
Topical term or geographic name as entry element বাংলা নাটক
9 (RLIN) 145899
Topical term or geographic name as entry element Bengali Drama
9 (RLIN) 145900
942 ## - ADDED ENTRY ELEMENTS (KOHA)
Source of classification or shelving scheme Dewey Decimal Classification
Koha item type Books
Holdings
Lost status Source of classification or shelving scheme Damaged status Not for loan Collection code Permanent Location Current Location Shelving location Date acquired Source of acquisition Total Checkouts Full call number Date last seen Copy number Koha item type
  Dewey Decimal Classification     Non-fiction Central Library, University of Rajshahi Central Library, University of Rajshahi   15/03/1963 India Interkoli   B 891.442 MOB 1955 13/08/2016 C-2 Books